00421nam a2200157Ia 4500003000400000005001700004008004100021040000700062041000800069082002200077245008300099260003700182365000800219650001400227650002200241OSt20230607105142.0210423s1995 xx 000 0 und d cAL aeng a307.76 bGOIP223 aPublic private partnership towards meeting the challenges of urban development aIndiabGovernment Of Indiac1995 cINR aSociology aUrban Communities